[Event "TCh-ESP CECLUB Div1Gp1 2013"]
[Site "Linares ESP"]
[Date "2013.08.20"]
[Round "2.2"]
[White "Mirzoev, Azer"]
[Black "Blasco De La Cruz, Luis"]
[Result "1-0"]
[WhiteTitle "GM"]
[WhiteElo "2539"]
[BlackElo "2023"]
[WhiteTeam "C.A. AJOBLANCO - EXTREMADURA"]
[BlackTeam "CAMFIL - 64 VILLALBA"]
[WhiteFideId "13400304"]
[BlackFideId "2219107"]
[EventDate "2013.08.19"]

1. d4 Nf6 2. c4 e5 3. dxe5 Ng4 4. Bf4 Bb4+ 5. Nd2 Nc6 6. Nf3 Qe7 7. e3 Ngxe5 8.
Nxe5 Nxe5 9. Be2 O-O 10. O-O Bxd2 11. Qxd2 d6 12. Qc3 Ng6 13. Bg3 Bf5 14. b4 b6
15. c5 dxc5 16. bxc5 Rad8 17. Rfd1 Rxd1+ 18. Rxd1 Rd8 19. Rxd8+ Qxd8 20. h3 h6
21. Bf3 Be6 22. a3 Qd7 23. Qd4 Qxd4 24. exd4 bxc5 25. dxc5 Ne7 26. Bxc7 Nd5 27.
Bb8 a6 28. Bd6 Nc3 29. c6 Nb5 30. Bc5 Nc7 31. Kf1 f5 32. Ke2 Kf7 33. Ke3 g6 34.
Kd4 Kf6 35. Bb4 g5 36. Kc5 g4 37. Be2 gxh3 38. gxh3 f4 1-0

[Event "TCh-ESP CECLUB Div1Gp1 2013"]
[Site "Linares ESP"]
[Date "2013.08.20"]
[Round "2.3"]
[White "Sadusea, Johnny"]
[Black "Barrero Garcia, Carlos"]
[Result "1-0"]
[BlackTitle "FM"]
[WhiteElo "2110"]
[BlackElo "2371"]
[WhiteTeam "CONTENEO BILBAO HAITZAK"]
[BlackTeam "PENA AJEDRECISTICA OROMANA"]
[WhiteFideId "3901491"]
[BlackFideId "2219522"]
[EventDate "2013.08.19"]

1. e4 e6 2. d4 d5 3. Nc3 Nf6 4. Bg5 dxe4 5. Nxe4 Be7 6. Nxf6+ Bxf6 7. Bxf6 Qxf6
8. Nf3 O-O 9. Bd3 c5 10. O-O cxd4 11. Nxd4 Rd8 12. Nb5 Nc6 13. Qc1 b6 14. Be4
Bb7 15. c3 Qe5 16. Bxc6 Bxc6 17. Nd4 Bb7 18. f4 Qe4 19. Rf2 Rac8 20. Qf1 Qd5 21.
Qe2 Re8 22. Qg4 Qe4 23. Re2 Qg6 24. Qxg6 hxg6 25. Rae1 Rc5 26. Re5 Bd5 27. a3
Rd8 28. g3 Ba8 29. Kf2 Rdd5 30. h4 Kf8 31. Rxd5 Bxd5 32. Re3 a5 33. a4 Ke7 34.
Ke1 Kd6 35. Kd2 f6 36. Nb5+ Kd7 37. Nd4 Ba2 38. Kc2 Bd5 39. b3 e5 40. Ne2 Be6
41. fxe5 fxe5 42. c4 Bf5+ 43. Kd2 Ke6 44. Nf4+ Kd6 45. Nd3 Bxd3 46. Kxd3 Ke6 47.
Ke4 Rc6 48. Rd3 Rd6 49. Rd5 Ke7 50. Kxe5 Rf6 51. Ke4 Rc6 52. c5 bxc5 53. Kd3 Rf6
54. Rxc5 Rf3+ 55. Kc2 Rxg3 56. Rxa5 Rg4 57. Rg5 Rxh4 58. Rxg6 Kf7 59. Rg1 Kf6
60. a5 g5 61. Kc3 g4 62. b4 Ke5 63. Kc4 Kd6 64. Kb5 Kc7 1-0

[Event "TCh-ESP CECLUB Div1Gp1 2013"]
[Site "Linares ESP"]
[Date "2013.08.21"]
[Round "3.1"]
[White "Dziuba, Marcin"]
[Black "Gallardo Fernandez, Cesar"]
[Result "0-1"]
[WhiteTitle "GM"]
[WhiteElo "2589"]
[BlackElo "2240"]
[WhiteTeam "C.A. CIRCULO DE LAS ARTES DE LUGO"]
[BlackTeam "PENA AJEDRECISTICA OROMANA"]
[WhiteFideId "1112953"]
[BlackFideId "2225280"]
[EventDate "2013.08.19"]

1. c4 Nf6 2. g3 e5 3. Bg2 Be7 4. Nc3 O-O 5. e4 d6 6. Nge2 c6 7. d3 Nbd7 8. O-O
a5 9. h3 Nc5 10. Be3 Re8 11. f4 Bf8 12. g4 exf4 13. Nxf4 Ne6 14. Qd2 Nxf4 15.
Rxf4 Be6 16. Raf1 d5 17. exd5 cxd5 18. Rxf6 d4 19. Bxd4 Qxd4+ 20. R6f2 Rad8 21.
Nd5 Bd6 22. Kh1 Qe5 23. Nf4 Bb4 24. Qc2 Bc5 25. Re2 Qd6 26. Bxb7 Bc8 27. Bd5 Kh8
28. Be4 Qh6 29. Nh5 f5 30. Bxf5 Bb7+ 31. Be4 Bxe4+ 32. dxe4 g6 33. Nf4 Rf8 34.
Qc3+ Bd4 35. Qg3 g5 36. e5 gxf4 37. Qf3 Be3 38. Kg2 Rd3 39. Qe4 Rfd8 40. e6 Qh4
41. Qe5+ Kg8 42. Rf3 Rd2 43. Rxe3 fxe3 44. Qxe3 R2d3 45. e7 Rxe3 46. exd8=Q+
Qxd8 47. Rxe3 Qd2+ 48. Kf3 Qxb2 49. a3 Qc1 50. Kf2 Qxc4 51. Rf3 Kg7 52. Kg2 Kg6
53. Kg3 Qc7+ 54. Kg2 a4 55. Kg1 Kg5 56. Kg2 Kh4 57. Kf2 Qe5 58. Kg2 Qb2+ 59. Kf1
Qh2 60. Ke1 Qxh3 61. Rxh3+ Kxh3 62. g5 Kg4 63. Kf2 Kxg5 64. Kg3 Kf5 0-1

[Event "TCh-ESP CECLUB Div1Gp1 2013"]
[Site "Linares ESP"]
[Date "2013.08.21"]
[Round "3.2"]
[White "Dura Olmos, Gines Raul"]
[Black "Taboas Rodriguez, Daniel"]
[Result "0-1"]
[BlackTitle "FM"]
[WhiteElo "2042"]
[BlackElo "2412"]
[WhiteTeam "CONTENEO BILBAO HAITZAK"]
[BlackTeam "CAMFIL - 64 VILLALBA"]
[WhiteFideId "2262010"]
[BlackFideId "2208466"]
[EventDate "2013.08.19"]

1. e4 e6 2. d4 d5 3. Nc3 Nf6 4. Bg5 Be7 5. e5 Nfd7 6. Bxe7 Qxe7 7. f4 a6 8. Nf3
c5 9. Qd2 Nc6 10. dxc5 Nxc5 11. Qe3 b5 12. Bd3 b4 13. Ne2 h6 14. Ned4 Nxd4 15.
Nxd4 Bd7 16. O-O-O a5 17. Kb1 a4 18. Rhe1 O-O 19. f5 exf5 20. Nxf5 Bxf5 21. Bxf5
Rad8 22. Rd4 Ne6 23. Rg4 Kh8 24. Qh3 Rc8 25. Re3 Rc4 26. Reg3 Qc5 27. Re3 Rxc2
28. Bxc2 Rc8 29. Rc4 Qxc4 30. Qf5 g6 31. Qd3 Qc5 32. Re1 a3 33. Bb3 Nd4 34. e6
axb2 35. Kxb2 Qc3+ 36. Qxc3 bxc3+ 37. Kc1 fxe6 38. Rd1 Nxb3+ 39. axb3 Kg7 40.
Kc2 Kf6 41. Rd3 Ke5 42. Re3+ Kd6 43. Rf3 d4 0-1

[Event "TCh-ESP CECLUB Div1Gp1 2013"]
[Site "Linares ESP"]
[Date "2013.08.23"]
[Round "5.1"]
[White "Moreno Trujillo, Alejandro"]
[Black "Miton, Kamil"]
[Result "1/2-1/2"]
[WhiteTitle "IM"]
[BlackTitle "GM"]
[WhiteElo "2533"]
[BlackElo "2609"]
[WhiteTeam "CAMFIL - 64 VILLALBA"]
[BlackTeam "C.A. CIRCULO DE LAS ARTES DE LUGO"]
[WhiteFideId "2217880"]
[BlackFideId "1111914"]
[EventDate "2013.08.19"]

1. d4 f5 2. c4 Nf6 3. Nf3 g6 4. g3 Bg7 5. Bg2 O-O 6. O-O d6 7. Nc3 c6 8. b3 Qa5
9. Qe1 e5 10. dxe5 dxe5 11. e4 f4 12. Nd5 Qxe1 13. Nxf6+ Bxf6 14. Rxe1 fxg3 15.
hxg3 Bg4 16. Nh2 Be6 17. Bf3 Nd7 18. Ba3 Rfd8 19. Bg4 Kf7 20. Rad1 Be7 21. Bxe6+
Kxe6 22. Bxe7 Kxe7 23. Nf3 Kf6 24. Rd6+ Ke7 25. Rd2 Nf6 26. Rxd8 Rxd8 27. Nxe5
Rd4 28. Kg2 Rxe4 29. Rxe4 Nxe4 30. Kf3 Nc5 31. b4 Ne6 32. Ke4 Ng5+ 33. Ke3 Ne6
34. c5 Nc7 35. Kd4 Ne6+ 36. Kd3 a5 37. a3 axb4 38. axb4 Nc7 39. Kd4 Ke6 40. Nc4
Nd5 41. Na5 Nxb4 42. Nxb7 h5 43. Nd8+ Ke7 44. Nb7 Kf6 45. Ke4 Na6 46. Na5 Nxc5+
47. Kf3 Nd7 48. Nxc6 Ne5+ 49. Nxe5 1/2-1/2